000 00808nam a22002297a 4500
005 20240530110514.0
008 160113s2013 ua g 000 0 ara d
040 _aEG-CaGPL
082 0 4 _221
_a953\
_bس ص
100 0 _aسحر عبدالعزيز سالم
245 1 0 _aصفحات تاريخية اسلامية /
_cسحر عبدالعزيز سالم
260 _aالاسكندرية :
_bمؤسسة شباب الجامعة ،
_c2013 .
300 _a734 ص ؛
_c24 سم .
650 0 4 _aالتاريخ الاسلامى
650 0 4 _aالسياحة
_xتاريخ اسلامى
650 0 4 _a الشائعات
650 0 4 _aالمغول
_zالاندلس
651 0 4 _aالاسكندرية
_xتاريخ
651 0 4 _aتعز
_zاليمن
942 _2ddc
_cBK
999 _c61752
_d61752